<?xml version="1.0" encoding="UTF-8"?>
<record
    xmlns:xsi="http://www.w3.org/2001/XMLSchema-instance"
    xsi:schemaLocation="http://www.loc.gov/MARC21/slim http://www.loc.gov/standards/marcxml/schema/MARC21slim.xsd"
    xmlns="http://www.loc.gov/MARC21/slim">

  <leader>00918nam a2200217Ia 4500</leader>
  <controlfield tag="001">Z_5450</controlfield>
  <controlfield tag="008">220601s9999    xx            000 0 und d</controlfield>
  <datafield tag="090" ind1=" " ind2=" ">
    <subfield code="a">Tesis P 1962</subfield>
  </datafield>
  <datafield tag="100" ind1=" " ind2=" ">
    <subfield code="a">Peralta Aban, Julia &#xC1;ngela</subfield>
    <subfield code="9">87011</subfield>
  </datafield>
  <datafield tag="245" ind1=" " ind2=" ">
    <subfield code="a">Evaluaci&#xF3;n del tama&#xF1;o del huevo de reproductoras adultas sobre la p&#xE9;rdida de humedad del huevo y calidad del pollito Ross 308 / Julia &#xC1;ngela Peralta Aban y David Alcantar Nava</subfield>
  </datafield>
  <datafield tag="260" ind1=" " ind2=" ">
    <subfield code="a">Chapingo, M&#xE9;x. : El autor</subfield>
  </datafield>
  <datafield tag="300" ind1=" " ind2=" ">
    <subfield code="a">40 h.</subfield>
  </datafield>
  <datafield tag="502" ind1=" " ind2=" ">
    <subfield code="a">Tesis (Ing. Agr. Esp. en Zootecnia) -- UACH. Departamento de Zootecnia</subfield>
  </datafield>
  <datafield tag="650" ind1=" " ind2=" ">
    <subfield code="a">1. Avicultura - M&#xE9;xico 2. Huevos - Calidad 3. Huevos - An&#xE1;lisis 4. Aves de corral - Reproducci&#xF3;n 5. Caracter&#xED;sticas del huevo</subfield>
    <subfield code="9">182371</subfield>
  </datafield>
  <datafield tag="700" ind1=" " ind2=" ">
    <subfield code="a">I. Alcantar Nava, David&#xCC;</subfield>
    <subfield code="9">182372</subfield>
  </datafield>
  <datafield tag="901" ind1=" " ind2=" ">
    <subfield code="a">TESIS P 1962</subfield>
  </datafield>
  <datafield tag="902" ind1=" " ind2=" ">
    <subfield code="a">M</subfield>
  </datafield>
  <datafield tag="905" ind1=" " ind2=" ">
    <subfield code="a">0000002006                                 0000000000   00</subfield>
  </datafield>
  <datafield tag="942" ind1=" " ind2=" ">
    <subfield code="c">2</subfield>
  </datafield>
  <datafield tag="999" ind1=" " ind2=" ">
    <subfield code="c">216965</subfield>
    <subfield code="d">216965</subfield>
  </datafield>
  <datafield tag="952" ind1=" " ind2=" ">
    <subfield code="0">0</subfield>
    <subfield code="1">0</subfield>
    <subfield code="2">local</subfield>
    <subfield code="4">0</subfield>
    <subfield code="7">0</subfield>
    <subfield code="8">TESIS</subfield>
    <subfield code="a">Z</subfield>
    <subfield code="b">Z</subfield>
    <subfield code="c">1</subfield>
    <subfield code="d">2006-11-14</subfield>
    <subfield code="l">0</subfield>
    <subfield code="p">zt_3313</subfield>
    <subfield code="r">2022-06-02 00:00:00</subfield>
    <subfield code="t">2</subfield>
    <subfield code="w">2022-06-02</subfield>
    <subfield code="y">TESIS</subfield>
    <subfield code="z">3</subfield>
  </datafield>
  <datafield tag="952" ind1=" " ind2=" ">
    <subfield code="0">0</subfield>
    <subfield code="1">0</subfield>
    <subfield code="2">local</subfield>
    <subfield code="4">0</subfield>
    <subfield code="5">1</subfield>
    <subfield code="7">0</subfield>
    <subfield code="8">TESIS</subfield>
    <subfield code="a">Z</subfield>
    <subfield code="b">Z</subfield>
    <subfield code="c">1</subfield>
    <subfield code="d">2006-11-14</subfield>
    <subfield code="l">0</subfield>
    <subfield code="p">zt_3312</subfield>
    <subfield code="r">2022-06-02 00:00:00</subfield>
    <subfield code="t">1</subfield>
    <subfield code="w">2022-06-02</subfield>
    <subfield code="y">TESIS</subfield>
    <subfield code="z">3</subfield>
  </datafield>
</record>
